Highest Grossing Movies (1997) Quiz Stats

 Plays Quiz Updated Dec 8, 2017

Challenge
Share
Tweet
Score 0/30 Timer 08:00
12 Plays Today
% Correct
Titanic
99.5%
Men in Black
99%
Star Wars (Special Edition)
93.3%
Hercules
90.5%
Good Will Hunting
89.1%
Batman & Robin
88.2%
Liar Liar
87.1%
The Lost World: Jurassic Park
86.4%
Flubber
85.3%
Air Force One
82.8%
Face/Off
82.2%
George of the Jungle
81.8%
Anaconda
81.4%
Star Wars: Episode V The Empire Strikes Back (Special Edition)
78.6%
I Know What You Did Last Summer
75.2%
% Correct
Con Air
74.5%
The Fifth Element
69.8%
As Good as It Gets
69.2%
Scream 2
62.7%
My Best Friend's Wedding
62%
Contact
57.8%
The Devil's Advocate
54.8%
L.A. Confidential
48.5%
Tomorrow Never Dies
46.3%
Dante's Peak
35.5%
Mouse Hunt
28.3%
Conspiracy Theory
25.8%
Kiss the Girls
24.1%
The Saint
13.1%
In & Out
12.2%

You're not logged in!

Compare scores with friends on all Sporcle quizzes.
OR
Log In

You Might Also Like...

Show Comments

Extras

Top Quizzes Today


Score Distribution

Your Account Isn't Verified!

In order to create a playlist on Sporcle, you need to verify the email address you used during registration. Go to your Sporcle Settings to finish the process.

Report this User

Report this user for behavior that violates our Community Guidelines.

Details: